Systém koordinovanej prípravy zahraničných pracovných ciest najvyšších ústavných činiteľov SR
Ekonomika Slovenskej republiky je charakteristická svojou otvorenosťou, exportnou závislosťou a snahou o rozvoj ďalších vonkajších ekonomických vzťahov. Presadzovanie obchodno-ekonomických záujmov Slovenska v zahraničí sa preto považuje za prioritu. Ministerstvo zahraničných vecí a európskych záleži...
Gespeichert in:
| 1. Verfasser: | |
|---|---|
| Format: | Buchkapitel |
| Sprache: | Slowakisch |
| Schlagworte: | |
| Tags: |
Keine Tags, Fügen Sie das erste Tag hinzu!
|
MARC
| LEADER | 00000nla a2200000 4500 | ||
|---|---|---|---|
| 001 | 0238683 | ||
| 005 | 20240502073849.2 | ||
| 041 | 0 | |a slo | |
| 044 | |a SK | ||
| 245 | 1 | 0 | |a Systém koordinovanej prípravy zahraničných pracovných ciest najvyšších ústavných činiteľov SR |c Dagmar Sulejmani |
| 520 | |a Ekonomika Slovenskej republiky je charakteristická svojou otvorenosťou, exportnou závislosťou a snahou o rozvoj ďalších vonkajších ekonomických vzťahov. Presadzovanie obchodno-ekonomických záujmov Slovenska v zahraničí sa preto považuje za prioritu. Ministerstvo zahraničných vecí a európskych záležitostí SR realizuje a koordinuje zahraničnú politiku Slovenska, ktorej neoddeliteľnou súčasťou sú i vonkajšie ekonomické vzťahy zahrňujúce zahraničné vzťahy všetkých ekonomických rezortov SR vrátane vzťahov obchodných. K presadzovaniu zahranično-obchodných záujmov Slovenská republika využíva sieť svojich zastupiteľských úradov. | ||
| 610 | 2 | 0 | |a cesty pracovné |
| 610 | 2 | 0 | |a spolupráca medzinárodná |
| 610 | 2 | 0 | |a politika zahraničná |
| 610 | 2 | 0 | |a politika obchodná |
| 610 | 2 | 0 | |a vzťahy medzinárodné |
| 610 | 2 | 0 | |a úrady zastupiteľské |
| 610 | 2 | 0 | |a Slovensko |
| 100 | 1 | |a Sulejmani, Dagmar, 1975- | |